000 01040nam a2200313 a 4500
001 000045682
003 DO-SdBNP
005 20230801083920.0
007 000045682
008 150427s2009 dr a 000 0 spa d
020 _a9789945429053
040 _aBPMSU
_bspa
_cBPMSU
082 4 _aRD863.44
_bC822r 2007
_222
100 1 _aCoronado, Dinorah
_d1952-
245 1 0 _aRebeca al bate y dos cuentos más /
_cDinorah Coronado, ilustraciones de Alejandro Gómez.
260 _aSanto Domingo :
_bGrupo Santillana,
_c2007.
_b
300 _a62 p. :
_bil. ;
_c19 cm.
490 0 _aAlfaguara infantil
500 _a
500 _aIncluye datos biográficos de la autora
505 0 _aAnita la olvidadiza --
_tJosé Rapidez --
586 _aPremio Anual de Literatura Infantil " Aurora Tavárez Belliard"
590 _6Inventariado, 2023/VM
650 4 _aCuentos infantiles dominicanos
650 4 _aLiteratura infantil dominicana
700 1 _aGómez, Alejandro,
_eil.
910 _aVMateo V. Control de calidad. BPMSU
942 _2ddc
_cBK
999 _c7727
_d7727